Analýza kalkulačného systému vybraného podniku s návrhmi opatrení na jeho skvalitnenie diplomová práca
Guardado en:
| Autor principal: | |
|---|---|
| Autor Corporativo: | |
| Otros Autores: | |
| Formato: | Libro |
| Lenguaje: | eslovaco |
| Publicado: |
Bratislava
2013
|
| Etiquetas: |
Sin Etiquetas, Sea el primero en etiquetar este registro!
|
MARC
| LEADER | 00000nbm a2200000 4500 | ||
|---|---|---|---|
| 001 | 0171613 | ||
| 005 | 20161109102444.8 | ||
| 041 | 0 | |a slo | |
| 044 | |a SK | ||
| 245 | 1 | 0 | |a Analýza kalkulačného systému vybraného podniku s návrhmi opatrení na jeho skvalitnenie |b diplomová práca |c Júlia Trnková ; školiteľ: Renáta Antalová |
| 264 | 1 | |a Bratislava |c 2013 | |
| 300 | |a 74 s. | ||
| 100 | 1 | |a Trnková, Júlia | |
| 700 | 1 | |a Antalová, Renáta | |
| 710 | 2 | |a Fakulta hospodárskej informatiky EU. Katedra účtovníctva a audítorstva | |